| 000 | 006170000a22002410004500 | ||
|---|---|---|---|
| 650 | _aMusic | ||
| 650 | _aResearch | ||
| 650 | _aArchive records | ||
| 650 | _aCatalogues | ||
| 650 | _aTape services | ||
| 650 | _aTransparencies | ||
| 650 | _aText | ||
| 651 | _aNepal | ||
| 082 |
_a781.97 _bR733c _cN |
||
| 518 | _a940113 | ||
| 530 | _aM | ||
| 100 | _aRoss, Ann Helen, comp. | ||
| 245 | _aCatalogue of the Terence R. Bech Nepal Music Research Collection | ||
| 260 |
_aIndiana _bArchives of Traditional Music Folklore Institute, Indiana University, USA |
||
| 260 | _c1978 | ||
| 041 | _aEng | ||
| 942 | _cGEN | ||
| 999 |
_c3365 _d3365 |
||